La isla del tesoro / (Registro nro. 8829)

Detalles MARC
000 -LIDER
fixed length control field 00689nam a22002417a 4500
001 - NÚMERO DE CONTROL
Identificador de número de control 0074
003 - IDENTIFICACDOR DE NÚMERO DE CONTROL
control field DO-SdBNP
005 - DATE AND TIME OF LATEST TRANSACTION
control field 20180130134935.0
007 - CAMPOS FIJOS DE DESCRIPCIÓN FÍSICA
fixed length control field 0074
008 - ELEMENTOS DE LONGITUD FIJA
fixed length control field 151119b mx 1986 xxu||||| |||| 00| 0 spa d
020 ## - ISBN
International Standard Book Number 968416680X
040 ## - FUENTE DE CATALOGACIÓN
Agencia que crea de manera original el registro BPMSU
Idioma de catalogación spa
Agencia que realiza la transcripción BPMSU
092 ## - LOCALLY ASSIGNED DEWEY DECIMAL CALL NUMBER
Número de clasificación xxxxxxxxxx
Número de ítem (Cutter) xxxxxxxxxx
100 10 - ASIENTO PRINCIPAL -- NOMBRE PERSONAL
Nombre personal Stevenson, Robert L.
245 13 - MENCIÓN DE TITULO
Título La isla del tesoro /
Mención de responsabilidad Robert L. Stevenson
260 ## - PUBLICACIÓN, DISTRIBUCIÓN, ETC. (PIE DE IMPRENTA)
Lugar de publicación, distribución, etc México :
Nombre del editor, distribuidor, etc. Fernández editores,
Fecha de publicación, distribución, etc 1986.
Fecha de impresión (1991) reimpresión
300 ## - DESCRIPCIÓN FÍSICA
Extensión 129 p. :
Otros detalles físicos il.,
Dimensiones 19 cm.
490 10 - MENCIÓN DE SERIES
Mención de serie Clásicos Auriga
Volume/sequential designation 880
830 00 - ASIENTO SECUNDARIO DE SERIE--TÍTULO UNIFORME
Título uniforme Clásicos Auriga
Número de la parte o sección de una obra 880
942 ## - ADDED ENTRY ELEMENTS (KOHA)
Source of classification or shelving scheme Dewey Decimal Classification
Koha item type Libros
945 ## - INFORMACIÓN DE PROCESAMIENTO LOCAL
Información de procesamiento local Inventariado extranjero / 2018 VM
956 ## - LOCAL ELECTRONIC LOCATION AND ACCESS (OCLC)
Nombre de host Brenda Tavárez
Existencias
Withdrawn status Lost status Source of classification or shelving scheme Damaged status Not for loan Collection code Home library Current library Date acquired Source of acquisition Total Checkouts Barcode Date last seen Price effective from Koha item type
    Dewey Decimal Classification     Colección Infantil General Biblioteca Pública Metropolitana Salomé Ureña Biblioteca Pública Metropolitana Salomé Ureña 11/19/2015 FUNDI   BPMSU15110401 11/19/2015 11/19/2015 Libros